[Event "Friendly match Novi Sad-Turkey, A group"]
[Site "Novi Sad"]
[Date "2019.06.27"]
[Round "3"]
[White "Leskur, Dejan"]
[Black "Celik, Hasan Huseyin"]
[Result "1/2-1/2"]
[WhiteElo "2338"]
[BlackElo "1727"]
[PlyCount "51"]
[EventDate "2019.??.??"]

1. c4 Nf6 2. g3 g6 3. Bg2 Bg7 4. Nc3 O-O 5. d3 d6 6. e4 e5 7. Nge2 Nc6 8. O-O
Nh5 9. f4 f5 10. Be3 Be6 11. Qd2 fxe4 12. Nxe4 exf4 13. Nxf4 Nxf4 14. Bxf4 Qd7
15. Ng5 Bf5 16. Rae1 Kh8 17. b3 Rae8 18. Nf3 Ne5 19. d4 Nxf3+ 20. Bxf3 Bh3 21.
Bg2 Bxg2 22. Kxg2 d5 23. c5 Qc6 24. Bh6 Rxf1 25. Rxe8+ Qxe8 26. Bxg7+ 1/2-1/2

[Event "Friendly match Novi Sad-Turkey, A group"]
[Site "Novi Sad"]
[Date "2019.06.27"]
[Round "3"]
[White "Kojovic, Dragan"]
[Black "Dolgun, Can"]
[Result "0-1"]
[WhiteElo "2344"]
[BlackElo "1931"]
[PlyCount "74"]
[EventDate "2019.??.??"]

1. d4 Nf6 2. Bg5 Ne4 3. Bf4 d5 4. f3 Nf6 5. Nc3 Bf5 6. g4 Bg6 7. h4 h5 8. g5
Ng8 9. e4 e6 10. Bd3 a6 11. Nge2 Nc6 12. a3 Bd6 13. exd5 exd5 14. Nxd5 Nge7 15.
Nxe7 Qxe7 16. Bxg6 fxg6 17. Bxd6 Qxd6 18. Qd3 O-O 19. O-O-O b5 20. Kb1 Kh7 21.
f4 Rae8 22. Rhf1 Ne7 23. Ng3 Nd5 24. Ne4 Qc6 25. f5 Rxe4 26. fxg6+ Kg8 27.
Rxf8+ Kxf8 28. Qf3+ Nf4 29. d5 Qxg6 30. Qf2 Kg8 31. Qa7 Rc4 32. Rd2 Qe4 33. Qf2
Kh7 34. b3 Rc3 35. Rd4 Rxb3+ 36. Ka2 Rf3 37. Qd2 Qe2 0-1

[Event "Friendly match Novi Sad-Turkey, A group"]
[Site "Novi Sad"]
[Date "2019.06.27"]
[Round "3"]
[White "Jevtic, Miodrag"]
[Black "Sahin, Ozgun"]
[Result "0-1"]
[WhiteElo "2234"]
[BlackElo "2234"]
[PlyCount "102"]
[EventDate "2019.??.??"]

1. Nf3 c5 2. g3 Nc6 3. Bg2 g6 4. O-O Bg7 5. e4 e5 6. d3 Nge7 7. Nc3 O-O 8. Be3
d6 9. Qd2 f5 10. Ne1 Nd4 11. f4 Rb8 12. a4 b6 13. Nf3 Nec6 14. Rf2 Nb4 15. Rc1
Bb7 16. Ng5 h6 17. Nf3 Kh7 18. Qd1 Qd7 19. Nd2 Qe6 20. Bh3 Qe7 21. Bg2 exf4 22.
gxf4 d5 23. e5 Ndxc2 24. Rxc2 Nxc2 25. Nxd5 Bxd5 26. Qxc2 Bxg2 27. Rxg2 Qh4 28.
Rg3 Qd8 29. Nc4 Qd5 30. Qe2 Rbd8 31. Bf2 Rfe8 32. Qc2 h5 33. Nd6 Rxd6 34. exd6
Qxd6 35. Qc4 Qe6 36. b3 Bd4 37. Qxe6 Rxe6 38. Kf1 Rd6 39. Be1 Kg7 40. Bd2 Kf7
41. Ke2 a6 42. Rf3 b5 43. axb5 axb5 44. Rf1 Ra6 45. b4 cxb4 46. Bxb4 Ra2+ 47.
Kf3 Rb2 48. Ba5 b4 49. Rc1 Bc3 50. h3 Rd2 51. Ke3 Ra2 0-1

[Event "Friendly match Novi Sad-Turkey, A group"]
[Site "Novi Sad"]
[Date "2019.06.27"]
[Round "3"]
[White "Jotic, Vladimir"]
[Black "Danaci, Ege"]
[Result "1-0"]
[WhiteElo "2339"]
[BlackElo "1909"]
[PlyCount "93"]
[EventDate "2019.??.??"]

1. e4 c5 2. Nf3 e6 3. b3 b6 4. Bb2 Bb7 5. Bd3 Nc6 6. c3 Nge7 7. O-O Ng6 8. Re1
Nge5 9. Nxe5 Nxe5 10. Bf1 c4 11. bxc4 Rc8 12. d3 Be7 13. Nd2 O-O 14. d4 Ng6 15.
a4 Ba6 16. a5 bxa5 17. c5 Bxf1 18. Rxf1 d6 19. cxd6 Bxd6 20. Nb3 Rb8 21. Ba3
Bxa3 22. Rxa3 Qc7 23. Nc5 e5 24. Qa4 Rbd8 25. g3 exd4 26. cxd4 Qe7 27. Rd1 Ne5
28. Rc3 Nd7 29. Nxd7 Rxd7 30. d5 Rfd8 31. Rc4 h5 32. Qxa5 h4 33. Qc3 h3 34. g4
Qg5 35. Qxh3 Rd6 36. Qg3 g6 37. Rdc1 Qe7 38. Qe3 Qd7 39. h3 a5 40. Rc7 Qe8 41.
Ra7 Qb5 42. Rcc7 R6d7 43. Rxd7 Rxd7 44. Ra8+ Kg7 45. Qc3+ f6 46. g5 Qb6 47. Qc8
1-0

[Event "Friendly match Novi Sad-Turkey, A group"]
[Site "Novi Sad"]
[Date "2019.06.25"]
[Round "1"]
[White "Jevtic, Miodrag"]
[Black "Celik, Hasan Huseyin"]
[Result "0-1"]
[WhiteElo "2234"]
[BlackElo "1727"]
[PlyCount "86"]
[EventDate "2019.??.??"]

1. e4 e6 2. d4 d5 3. e5 c5 4. c3 Qb6 5. Nf3 Nc6 6. g3 f6 7. Bh3 fxe5 8. dxe5
Nge7 9. O-O Ng6 10. Re1 Be7 11. Bf1 O-O 12. c4 d4 13. Nbd2 Bd7 14. a3 Rf7 15.
h4 Qc7 16. Qe2 Raf8 17. h5 Ngxe5 18. Nxe5 Rxf2 19. Qe4 Nxe5 20. Qxe5 Bd6 21.
Qg5 Bxg3 22. Bd3 Bh2+ 23. Kh1 Bc6+ 24. Be4 Bxe4+ 25. Nxe4 Rf1+ 26. Rxf1 Rxf1+
27. Kg2 Rg1+ 28. Kf3 Rxg5 29. Bxg5 Qe5 30. Re1 Qf5+ 31. Kg2 Bf4 32. Bxf4 Qxf4
33. b4 cxb4 34. axb4 d3 35. Nf2 Qxc4 36. Rd1 Qxb4 37. Rxd3 a5 38. Kf3 a4 39.
Ne4 a3 40. h6 a2 41. Rd8+ Qf8+ 42. Rxf8+ Kxf8 43. hxg7+ Kxg7 0-1

[Event "Friendly match Novi Sad-Turkey, A group"]
[Site "Novi Sad"]
[Date "2019.06.25"]
[Round "1"]
[White "Leskur, Dejan"]
[Black "Dolgun, Can"]
[Result "1/2-1/2"]
[WhiteElo "2338"]
[BlackElo "1931"]
[PlyCount "107"]
[EventDate "2019.??.??"]

1. e4 e5 2. Nf3 Nc6 3. Bb5 a6 4. Ba4 Nf6 5. O-O Be7 6. Re1 b5 7. Bb3 d6 8. c3
O-O 9. d3 Na5 10. Bc2 c5 11. Nbd2 Re8 12. Nf1 h6 13. Ng3 Bf8 14. h3 g6 15. d4
cxd4 16. cxd4 exd4 17. Nxd4 Bb7 18. b3 Bg7 19. Bb2 Rc8 20. Qd2 d5 21. e5 Ne4
22. Nxe4 dxe4 23. Bxe4 Rxe5 24. Bxb7 Rxe1+ 25. Rxe1 Nxb7 26. Ba1 Rc5 27. Qf4
Nd6 28. Nf3 Rd5 29. Bxg7 Kxg7 30. Rc1 Nf5 31. g4 Rd1+ 32. Rxd1 Qxd1+ 33. Kg2
Qd6 34. Qxd6 Nxd6 35. Nd4 Ne4 36. f4 b4 37. Nc6 a5 38. Nxa5 Nc3 39. Kf3 Kf6 40.
h4 Nxa2 41. Ke4 Nc3+ 42. Kd4 h5 43. gxh5 gxh5 44. Nc6 Kf5 45. Nxb4 Ne2+ 46. Ke3
Nc1 47. Kf3 Nxb3 48. Nc2 Nd2+ 49. Ke2 Kxf4 50. Kxd2 Kg4 51. Ke3 f5 52. Nd4 Kxh4
53. Kf4 Kh3 54. Nxf5 1/2-1/2

[Event "Friendly match Novi Sad-Turkey, A group"]
[Site "Novi Sad"]
[Date "2019.06.25"]
[Round "1"]
[White "Remecki, Sinisa"]
[Black "Danaci, Ege"]
[Result "1-0"]
[WhiteElo "2254"]
[BlackElo "1909"]
[PlyCount "63"]
[EventDate "2019.??.??"]

1. Nc3 c5 2. Nf3 d5 3. e4 d4 4. Bb5+ Nc6 5. Ne2 Qc7 6. O-O e5 7. Bxc6+ bxc6 8.
d3 Nf6 9. b3 Be7 10. Ng3 h5 11. Bg5 h4 12. Nxh4 Nxe4 13. Bxe7 Qxe7 14. Nhf5
Bxf5 15. Nxf5 Nc3 16. Nxe7 Nxd1 17. Nxc6 Nc3 18. Nxe5 O-O-O 19. Nxf7 Rdf8 20.
Nxh8 Rxh8 21. Rfe1 Kd7 22. a3 a5 23. Re5 Kd6 24. Rae1 a4 25. Re6+ Kd7 26. Re7+
Kd6 27. bxa4 Nxa4 28. Rxg7 Rb8 29. h4 Rb2 30. h5 Rxc2 31. h6 c4 32. h7 1-0

[Event "Friendly match Novi Sad-Turkey, A group"]
[Site "Novi Sad"]
[Date "2019.06.25"]
[Round "1"]
[White "Jotic, Vladimir"]
[Black "Sahin, Ozgun"]
[Result "0-1"]
[WhiteElo "2339"]
[BlackElo "2234"]
[PlyCount "62"]
[EventDate "2019.??.??"]

1. e4 c5 2. Nf3 g6 3. Bc4 Bg7 4. O-O Nc6 5. c3 d6 6. h3 Nf6 7. Re1 O-O 8. d3 d5
9. exd5 Nxd5 10. Nbd2 b6 11. Nb3 Bb7 12. Bg5 Qd6 13. Qd2 e6 14. Rad1 Rac8 15.
Bh4 a6 16. Bg3 Qd7 17. Qe2 Nce7 18. d4 cxd4 19. Nbxd4 b5 20. Bb3 Nf5 21. Nxf5
gxf5 22. Qd2 Rfd8 23. Bh4 Re8 24. Ne5 Qc7 25. Bg3 Qe7 26. c4 bxc4 27. Nxc4 Red8
28. Be5 Bxe5 29. Nxe5 Qh4 30. Nf3 Qf6 31. Kh2 Nc3 0-1

[Event "Friendly match Novi Sad-Turkey, A group"]
[Site "Novi Sad"]
[Date "2019.06.25"]
[Round "1"]
[White "Kojovic, Dragan"]
[Black "Parezanin, Darko"]
[Result "0-1"]
[WhiteElo "2344"]
[BlackElo "2242"]
[PlyCount "104"]
[EventDate "2019.??.??"]

1. e4 g6 2. d4 d6 3. Nc3 c6 4. f4 d5 5. e5 h5 6. Nf3 Bg4 7. h3 Bxf3 8. Qxf3 e6
9. g3 Nh6 10. Be3 Nf5 11. Bf2 Be7 12. O-O-O Nd7 13. Bd3 Qb6 14. Bxf5 gxf5 15.
g4 hxg4 16. hxg4 Rxh1 17. Qxh1 fxg4 18. Qh5 Nf8 19. f5 Qc7 20. fxe6 Nxe6 21.
Qxg4 Bg5+ 22. Kb1 O-O-O 23. Qf5 Rg8 24. Rg1 Rg6 25. Ne2 Qd7 26. Qf3 Ng7 27. Ng3
Bh4 28. a4 Bxg3 29. Rxg3 Qf5 30. Qxf5+ Nxf5 31. Rf3 Rg5 32. Rh3 Kd7 33. Ka2 Rg2
34. Rf3 Ke6 35. c3 a6 36. a5 c5 37. Rf4 c4 38. Ka3 f6 39. exf6 Kxf6 40. Bh4+
Ke6 41. Bf2 Nd6 42. Rf8 Ne4 43. Be3 Re2 44. Bf4 Rf2 45. Bh6 Rxf8 46. Bxf8 Nd2
47. Kb4 Nb3 48. Bc5 Kf5 49. Bb6 Ke4 50. Bd8 Kd3 51. Ka3 Kc2 52. Bc7 Nc1 0-1

[Event "Friendly match Novi Sad-Turkey, A group"]
[Site "Novi Sad"]
[Date "2019.06.26"]
[Round "2"]
[White "Danaci, Ege"]
[Black "Leskur, Dejan"]
[Result "1-0"]
[WhiteElo "1909"]
[BlackElo "2338"]
[PlyCount "107"]
[EventDate "2019.??.??"]

1. e4 g6 2. d4 d6 3. Nc3 Bg7 4. Nf3 Nf6 5. Be2 O-O 6. O-O Bg4 7. h3 Bxf3 8.
Bxf3 Nc6 9. Be3 e5 10. d5 Ne7 11. g3 Nd7 12. Bg2 f5 13. exf5 Nxf5 14. Ne4 h6
15. Qd2 Qe7 16. h4 Kh7 17. h5 gxh5 18. Qd3 Kh8 19. Bh3 Qf7 20. Nd2 Qg6 21. Nf3
Rae8 22. Qe4 Qf7 23. Kg2 Nd4 24. Bxd7 Qxd7 25. Nh4 Rf7 26. Bxd4 exd4 27. Qd3
Kg8 28. Rae1 Rfe7 29. Rxe7 Qxe7 30. Ng6 Qe4+ 31. Qxe4 Rxe4 32. Kf3 Re8 33. Rh1
Bf6 34. Nf4 Bg5 35. Ne6 Kf7 36. Nxd4 Kg6 37. Ne6 c6 38. Ke4 Bf6 39. c3 h4 40.
gxh4 cxd5+ 41. Kxd5 Kf5 42. Re1 Rg8 43. Nd4+ Bxd4 44. cxd4 Rg4 45. h5 Rf4 46.
Re7 Kg5 47. Rxb7 Kxh5 48. Rxa7 Rxf2 49. Rb7 Kg4 50. Kxd6 h5 51. Rg7+ Kf3 52.
Rh7 Kg4 53. b4 Rxa2 54. b5 1-0

[Event "Friendly match Novi Sad-Turkey, A group"]
[Site "Novi Sad"]
[Date "2019.06.26"]
[Round "2"]
[White "Dolgun, Can"]
[Black "Jotic, Vladimir"]
[Result "0-1"]
[WhiteElo "1931"]
[BlackElo "2339"]
[PlyCount "130"]
[EventDate "2019.??.??"]

1. e4 g6 2. d4 Bg7 3. Nc3 c6 4. Nf3 d5 5. e5 f6 6. Bf4 Nh6 7. Qd2 Nf7 8. exf6
exf6 9. h4 O-O 10. Bd3 Re8+ 11. Ne2 Nd7 12. O-O-O a5 13. h5 g5 14. h6 Bf8 15.
Be3 Nb6 16. c3 Nd6 17. Ng3 Nbc4 18. Qc2 Qe7 19. Rde1 Nxe3 20. Rxe3 Qf7 21. Nh5
Ne4 22. Nd2 Bg4 23. Nxe4 dxe4 24. Bc4 Be6 25. Bxe6 Rxe6 26. Rxe4 Rae8 27. Rxe6
Qxe6 28. Qb3 Qxb3 29. axb3 Kf7 30. Kd2 f5 31. Ng3 Kg6 32. Kd3 f4 33. Ne4 Bxh6
34. Nd6 Rb8 35. Nc4 Bg7 36. Nxa5 h5 37. Nc4 Rd8 38. b4 b5 39. Nd2 g4 40. f3 Re8
41. Ne4 gxf3 42. gxf3 Rh8 43. Rg1+ Kf7 44. Ng5+ Kf6 45. Nh3 Bh6 46. Nf2 Bf8 47.
Ne4+ Kf7 48. Rg5 h4 49. Rf5+ Ke7 50. Rxf4 h3 51. Nf2 h2 52. Nh1 Ke6 53. Re4+
Kf6 54. Ke2 Bd6 55. Rg4 Ra8 56. Rh4 Ra2 57. Nf2 Rxb2+ 58. Ke3 Kg5 59. Rg4+ Kf5
60. Nh1 Rb1 61. Nf2 Re1+ 62. Kd2 Rf1 63. Ne4 h1=Q 64. Nxd6+ Ke6 65. Rg6+ Kd7
0-1

[Event "Friendly match Novi Sad-Turkey, A group"]
[Site "Novi Sad"]
[Date "2019.06.26"]
[Round "2"]
[White "Sahin, Ozgun"]
[Black "Kojovic, Dragan"]
[Result "1/2-1/2"]
[WhiteElo "2234"]
[BlackElo "2344"]
[PlyCount "67"]
[EventDate "2019.??.??"]

1. e4 e6 2. d4 d5 3. exd5 exd5 4. Bd3 Nc6 5. c3 Bd6 6. Qf3 Be6 7. Ne2 Qd7 8.
Bf4 Nge7 9. Nd2 Bg4 10. Qe3 O-O-O 11. Bxd6 Qxd6 12. O-O-O h5 13. f3 Bf5 14.
Bxf5+ Nxf5 15. Qg5 Nce7 16. Ng3 Nxg3 17. hxg3 f6 18. Qxg7 Nf5 19. Qg6 Nxg3 20.
Rhe1 Rdg8 21. Qf7 Nf5 22. Nb3 b6 23. Rd2 Rg7 24. Re8+ Kb7 25. Qxg7 Rxe8 26. Qg6
Re1+ 27. Rd1 Qf4+ 28. Nd2 Re2 29. Qxf6 Rxg2 30. Qf7 h4 31. Qxd5+ Kb8 32. Qd8+
Kb7 33. Qd5+ Kb8 34. Qd8+ 1/2-1/2

[Event "Friendly match Novi Sad-Turkey, A group"]
[Site "Novi Sad"]
[Date "2019.06.26"]
[Round "2"]
[White "Celik, Hasan Huseyin"]
[Black "Remecki, Sinisa"]
[Result "0-1"]
[WhiteElo "1727"]
[BlackElo "2254"]
[Annotator ",Nsk"]
[PlyCount "33"]
[EventDate "2019.??.??"]

1. d4 e6 2. c4 b6 3. Nf3 Bb7 4. Nc3 Nf6 5. Qc2 c5 6. e3 Be7 7. Be2 O-O 8. O-O
cxd4 9. Nxd4 a6 10. b3 Nc6 11. Nxc6 Bxc6 12. Rd1 Qc7 13. Bb2 Qb7 14. Bf1 b5 15.
c5 b4 16. Ne2 Be4 17. Qd2 {???} 0-1

[Event "Friendly match Novi Sad-Turkey, A group"]
[Site "Novi Sad"]
[Date "2019.06.28"]
[Round "4"]
[White "Danaci, Ege"]
[Black "Kojovic, Dragan"]
[Result "0-1"]
[WhiteElo "1909"]
[BlackElo "2344"]
[PlyCount "131"]
[EventDate "2019.??.??"]

1. e4 g6 2. d4 Bg7 3. Nc3 b6 4. Be3 e6 5. Qd2 d6 6. O-O-O a6 7. h4 h6 8. h5 g5
9. f4 gxf4 10. Bxf4 Bb7 11. Rh3 Nc6 12. d5 Ne5 13. dxe6 fxe6 14. Nf3 Nc6 15.
Rg3 Qe7 16. Rg6 O-O-O 17. Bc4 Nf6 18. Bxh6 Bxh6 19. Rxh6 b5 20. Bb3 Na5 21.
Rxh8 Rxh8 22. h6 Nxb3+ 23. axb3 b4 24. Ne2 Nxe4 25. Qxb4 Rxh6 26. Nc3 Nf6 27.
Qf4 Rg6 28. Rh1 Qg7 29. Nh4 Rg4 30. Qf2 Qh6+ 31. Kb1 Ne4 32. Qe1 Kb8 33. Nf5
Qd2 34. Ne3 Rg3 35. Nxe4 Qxe1+ 36. Rxe1 Bxe4 37. Nf1 Rg4 38. Ne3 Rg5 39. Kc1 d5
40. Re2 c5 41. Rf2 d4 42. Rf4 Bc6 43. Rf8+ Kc7 44. Rf7+ Kd8 45. Nc4 Bxg2 46.
Ra7 Be4 47. Rxa6 Rg1+ 48. Kd2 Rg2+ 49. Ke1 Bxc2 50. Nd2 Kd7 51. b4 d3 52. Nc4
Re2+ 53. Kf1 Re4 54. Ra7+ Kd8 55. Ra8+ Ke7 56. Ra7+ Kf6 57. Nd2 Rf4+ 58. Ke1
cxb4 59. Rc7 Rh4 60. Rc4 Rh1+ 61. Nf1 Rxf1+ 62. Kxf1 d2 63. Rd4 d1=Q+ 64. Rxd1
Bxd1 65. Ke1 Bb3 66. Kd2 0-1

[Event "Friendly match Novi Sad-Turkey, A group"]
[Site "Novi Sad"]
[Date "2019.06.28"]
[Round "4"]
[White "Dolgun, Can"]
[Black "Jevtic, Miodrag"]
[Result "1-0"]
[WhiteElo "1931"]
[BlackElo "2234"]
[PlyCount "101"]
[EventDate "2019.??.??"]

1. e4 d6 2. d4 Nf6 3. Nc3 g6 4. f4 Bg7 5. Nf3 O-O 6. Bd3 Na6 7. O-O c5 8. e5
Nd7 9. dxc5 Naxc5 10. exd6 Nxd3 11. Qxd3 Nf6 12. dxe7 Qxe7 13. Re1 Qc5+ 14. Be3
Qa5 15. Qb5 Qxb5 16. Nxb5 Nd5 17. c3 Nxe3 18. Rxe3 a6 19. Nbd4 b5 20. a4 bxa4
21. Rxa4 Bd7 22. Ra5 Rfc8 23. b3 Ra7 24. Kf2 Bf8 25. Ne5 Be8 26. Nc4 Rd8 27.
Ke2 Bh6 28. g3 Bg7 29. Ne5 Rc8 30. c4 Bf8 31. Nd3 Bd7 32. c5 Bg4+ 33. Kd2 Rd7
34. Kc3 Rcd8 35. Nc6 Bg7+ 36. Kc2 Ra8 37. Nce5 Bxe5 38. Nxe5 Bf5+ 39. Kc3 Rd1
40. Nc4 Rc8 41. Kb4 Rc6 42. Ne5 Rc7 43. Rxa6 Rd4+ 44. Kb5 Kg7 45. Kb6 Rc8 46.
Ra7 Rb4+ 47. Ka5 Rcb8 48. Rxf7+ Kg8 49. Rc7 R4b5+ 50. Ka4 Bc2 51. Rc8+ 1-0

[Event "Friendly match Novi Sad-Turkey, A group"]
[Site "Novi Sad"]
[Date "2019.06.28"]
[Round "4"]
[White "Celik, Hasan Huseyin"]
[Black "Jotic, Vladimir"]
[Result "1/2-1/2"]
[WhiteElo "1727"]
[BlackElo "2339"]
[PlyCount "125"]
[EventDate "2019.??.??"]

1. e4 c5 2. Nc3 a6 3. g3 b5 4. Bg2 Bb7 5. Nge2 e6 6. O-O Nf6 7. d3 Be7 8. e5
Nd5 9. Nxd5 Bxd5 10. Bxd5 exd5 11. d4 d6 12. exd6 Qxd6 13. Nf4 c4 14. Qf3 Nc6
15. Qxd5 Qxd5 16. Nxd5 O-O-O 17. Nxe7+ Nxe7 18. c3 Nd5 19. Bd2 Rhe8 20. Rfe1 f6
21. Kg2 Kd7 22. Kf3 Nb6 23. h4 a5 24. b3 Rxe1 25. Bxe1 Re8 26. Bd2 cxb3 27.
axb3 a4 28. bxa4 bxa4 29. Be3 Ra8 30. Ke2 a3 31. Kd3 a2 32. Kc2 Nc4 33. Bc1 Nd6
34. Kb3 Ne4 35. Be3 Rb8+ 36. Kc2 Rc8 37. c4 Rxc4+ 38. Kd3 Nd6 39. Rxa2 Rb4 40.
Ra7+ Rb7 41. Ra8 Ke6 42. Bf4 Nf7 43. Rg8 g6 44. Ke4 f5+ 45. Kf3 Rb3+ 46. Kg2
Kf6 47. Be3 Nd6 48. Rd8 Ke6 49. Bf4 Ne4 50. Rh8 Nf6 51. Be5 Ng4 52. Rxh7 Rb2
53. Rg7 Rxf2+ 54. Kg1 Kd5 55. Rxg6 Ke4 56. Bf4 Kf3 57. Ra6 Rg2+ 58. Kf1 Rf2+
59. Ke1 Re2+ 60. Kd1 Nf2+ 61. Kc1 Nd3+ 62. Kd1 Nb2+ 63. Kc1 1/2-1/2

[Event "Friendly match Novi Sad-Turkey, A group"]
[Site "Novi Sad"]
[Date "2019.06.28"]
[Round "4"]
[White "Sahin, Ozgun"]
[Black "Remecki, Sinisa"]
[Result "1-0"]
[WhiteElo "2234"]
[BlackElo "2254"]
[PlyCount "65"]
[EventDate "2019.??.??"]

1. e4 e6 2. d3 b6 3. g3 Bb7 4. Bg2 Nf6 5. Ne2 d5 6. e5 Nfd7 7. f4 Be7 8. O-O
O-O 9. c4 c6 10. cxd5 cxd5 11. d4 Nc6 12. Nbc3 Ba6 13. f5 Bxe2 14. Nxe2 Rc8 15.
Kh1 Bg5 16. Bxg5 Qxg5 17. fxe6 fxe6 18. Nf4 Qh6 19. Rc1 b5 20. Nxd5 Rxf1+ 21.
Qxf1 Rf8 22. Qd1 Nxd4 23. Ne7+ Kh8 24. Rc7 Nxe5 25. Qxd4 Nc4 26. b3 Ne3 27. Qf4
Qxf4 28. gxf4 a5 29. Nc6 a4 30. bxa4 bxa4 31. Ra7 h5 32. Rxa4 g5 33. Ne5 1-0

[Event "Friendly match Novi Sad-Turkey, A group"]
[Site "Novi Sad"]
[Date "2019.06.28"]
[Round "4"]
[White "Parezanin, Darko"]
[Black "Leskur, Dejan"]
[Result "1/2-1/2"]
[WhiteElo "2242"]
[BlackElo "2338"]
[PlyCount "101"]
[EventDate "2019.??.??"]

1. e4 g6 2. d4 d6 3. Nf3 Nf6 4. Nc3 Bg7 5. h3 O-O 6. Be3 a6 7. a4 b6 8. Be2 Bb7
9. Nd2 Nc6 10. O-O e5 11. d5 Nd4 12. Re1 c6 13. dxc6 Bxc6 14. Bf1 d5 15. exd5
Nxd5 16. Nxd5 Bxd5 17. c3 Nf5 18. Nc4 Nxe3 19. Rxe3 e4 20. Nxb6 Qxb6 21. Qxd5
Qxb2 22. Ra2 Qb1 23. Rd2 Rad8 24. Qxd8 Rxd8 25. Rxd8+ Bf8 26. Ra8 f5 27. g3 g5
28. Re2 Qb7 29. Rd8 Kf7 30. Red2 Be7 31. R8d5 Kf6 32. c4 f4 33. gxf4 gxf4 34.
Re2 Qb1 35. Rd4 Ke5 36. Rd5+ Kf6 37. Ra5 Qb7 38. Rd5 Qb1 39. Red2 Bb4 40. R2d4
Qc2 41. f3 Be1 42. Kh1 Bg3 43. Rd2 Qc1 44. Rd1 Qe3 45. Rd6+ Ke7 46. Rd7+ Ke8
47. R7d4 exf3 48. R4d2 Be1 49. Rd8+ Ke7 50. R8d7+ Ke8 51. Rd8+ 1/2-1/2

[Event "Friendly match Novi Sad-Turkey, A group"]
[Site "Novi Sad"]
[Date "2019.06.29"]
[Round "5"]
[White "Kojovic, Dragan"]
[Black "Celik, Hasan Huseyin"]
[Result "1-0"]
[WhiteElo "2344"]
[BlackElo "1727"]
[PlyCount "73"]
[EventDate "2019.??.??"]

1. Nf3 d5 2. e3 c6 3. c4 e6 4. b3 f5 5. Bb2 Nf6 6. Qc2 Bd6 7. h3 O-O 8. Nc3 Qe7
9. a3 a6 10. d4 Ne4 11. Bd3 Nd7 12. b4 b5 13. c5 Bc7 14. a4 Bb7 15. Ne2 Qf6 16.
O-O g5 17. axb5 axb5 18. Rxa8 Rxa8 19. Ra1 Rxa1+ 20. Bxa1 g4 21. hxg4 fxg4 22.
Bxe4 dxe4 23. Nd2 Qh6 24. g3 Nf6 25. Nxe4 Nd5 26. Bc3 Qf8 27. Nd2 Bc8 28. e4
Nxc3 29. Qxc3 Bd7 30. Qe3 Qg7 31. e5 Bd8 32. Ne4 Be8 33. Nf4 Bf7 34. Qa3 Qf8
35. Qa8 Qe8 36. Nd6 Qd7 37. Nb7 1-0

[Event "Friendly match Novi Sad-Turkey, A group"]
[Site "Novi Sad"]
[Date "2019.06.29"]
[Round "5"]
[White "Jevtic, Miodrag"]
[Black "Danaci, Ege"]
[Result "1/2-1/2"]
[WhiteElo "2234"]
[BlackElo "1909"]
[PlyCount "115"]
[EventDate "2019.??.??"]

1. e4 c5 2. Nf3 e6 3. d4 cxd4 4. Nxd4 a6 5. Nc3 Qc7 6. g3 Nf6 7. Bg2 d6 8. O-O
Be7 9. Be3 Nc6 10. Nb3 Ne5 11. Nd2 b5 12. a3 Bb7 13. h3 Rc8 14. f4 Nc4 15. Nxc4
Qxc4 16. Qd3 Nd7 17. Qxc4 Rxc4 18. Rfe1 Bf6 19. Rad1 Bxc3 20. bxc3 Ke7 21. e5
d5 22. Bd4 Rhc8 23. g4 Nc5 24. Bf1 Ra4 25. Ra1 Ne4 26. Re3 Nxc3 27. Bxc3 d4 28.
Bxd4 Rxd4 29. Rd3 Rxf4 30. Rad1 Rc7 31. Rd6 Re4 32. Bg2 Rxe5 33. Bxb7 Rxb7 34.
Rxa6 Re3 35. Rb1 Rxh3 36. c4 b4 37. axb4 Rg3+ 38. Kf2 Rxg4 39. Rc6 Rd4 40. b5
Kd7 41. Ke3 e5 42. Rf1 f6 43. Rg1 Kd8 44. Ra1 Rc7 45. Ra8+ Kd7 46. Rxc7+ Kxc7
47. c5 Rd5 48. Ra7+ Kb8 49. Rxg7 Rxc5 50. Rf7 Rxb5 51. Rxf6 Kc7 52. Ke4 h5 53.
Rh6 h4 54. Kf5 Kd7 55. Rxh4 Kd6 56. Rh8 Kd5 57. Rd8+ Kc4 58. Ke4 1/2-1/2

[Event "Friendly match Novi Sad-Turkey, A group"]
[Site "Novi Sad"]
[Date "2019.06.29"]
[Round "5"]
[White "Remecki, Sinisa"]
[Black "Dolgun, Can"]
[Result "1/2-1/2"]
[WhiteElo "2254"]
[BlackElo "1931"]
[PlyCount "100"]
[EventDate "2019.??.??"]

1. c4 Nf6 2. Nc3 g6 3. e3 Bg7 4. Nf3 O-O 5. Be2 d6 6. O-O e5 7. d3 Nc6 8. a3 a5
9. Qc2 Nd7 10. b3 f5 11. Bb2 g5 12. Nd5 g4 13. Nd2 Ne7 14. Nxe7+ Qxe7 15. e4
Qh4 16. g3 Qh3 17. exf5 Rxf5 18. f3 Nf6 19. Ne4 Nxe4 20. fxe4 Rxf1+ 21. Rxf1 c5
22. Bc1 Be6 23. Bd2 b6 24. Qd1 Rf8 25. Bg5 Rxf1+ 26. Qxf1 Qh5 27. Bd8 Qe8 28.
Bxb6 Qb8 29. Bxa5 Qxb3 30. Bc7 Qxa3 31. Bxd6 Qa7 32. Qb1 Kf7 33. Qf1+ Ke8 34.
Qf2 Qa1+ 35. Kg2 Qd4 36. Bxc5 Qd7 37. Qe1 Qc6 38. Qa5 Kf7 39. Qa7+ Kg6 40. Qb6
Qxb6 41. Bxb6 Kf7 42. Bd1 Bd7 43. Bb3 Ke7 44. c5 Bb5 45. Bc2 Kd7 46. Kf2 Kc6
47. Ke2 Bf8 48. Bb3 Bxc5 49. Bxc5 Kxc5 50. Be6 Kd4 1/2-1/2

[Event "Friendly match Novi Sad-Turkey, A group"]
[Site "Novi Sad"]
[Date "2019.06.29"]
[Round "5"]
[White "Jotic, Vladimir"]
[Black "Parezanin, Darko"]
[Result "1-0"]
[WhiteElo "2339"]
[BlackElo "2242"]
[PlyCount "145"]
[EventDate "2019.??.??"]

1. e4 c5 2. Nf3 Nc6 3. Bb5 e6 4. O-O Nge7 5. Re1 a6 6. Bf1 d5 7. exd5 Nxd5 8.
d4 cxd4 9. Nxd4 Nxd4 10. Qxd4 Nf6 11. Qxd8+ Kxd8 12. Rd1+ Bd7 13. Be3 Rc8 14.
Bb6+ Ke8 15. c4 Bc5 16. Bxc5 Rxc5 17. b4 Rc8 18. Nd2 Ke7 19. c5 a5 20. a3 Nd5
21. Nc4 axb4 22. axb4 Nxb4 23. Nb6 Rc7 24. Rxd7+ Rxd7 25. Nxd7 Kxd7 26. Rb1 Nd5
27. Rxb7+ Kc6 28. Rxf7 g6 29. h4 Kxc5 30. g3 Kd6 31. Bh3 Ne7 32. Kg2 Nf5 33. h5
Ke5 34. f4+ Kd6 35. Bxf5 gxf5 36. h6 Kd5 37. Rd7+ Kc6 38. Ra7 Kd5 39. Rd7+ Kc6
40. Rf7 Kd5 41. Kh2 Ke4 42. Re7 Kf3 43. Rxe6 Rb8 44. Re7 Rb2+ 45. Kh3 Rb6 46.
Rxh7 Rg6 47. Kh4 Rg4+ 48. Kh5 Rxg3 49. Rg7 Rh3+ 50. Kg5 Ke4 51. Re7+ Kf3 52.
Ra7 Ke4 53. Ra4+ Kd5 54. Ra5+ Ke6 55. Ra6+ Kf7 56. Kxf5 Rh5+ 57. Kg4 Rh1 58.
Kg5 Rg1+ 59. Kf5 Rh1 60. Ra3 Kg8 61. Kg5 Rg1+ 62. Kf6 Rh1 63. Ra8+ Kh7 64. f5
Rxh6+ 65. Kf7 Rb6 66. Ra7 Rb2 67. f6 Rb6 68. Re7 Kh6 69. Re6 Rb7+ 70. Kf8 Rb8+
71. Re8 Rb6 72. f7 Kg6 73. Kg8 1-0

[Event "Friendly match Novi Sad-Turkey, A group"]
[Site "Novi Sad"]
[Date "2019.06.29"]
[Round "5"]
[White "Leskur, Dejan"]
[Black "Sahin, Ozgun"]
[Result "1/2-1/2"]
[WhiteElo "2338"]
[BlackElo "2234"]
[PlyCount "73"]
[EventDate "2019.??.??"]

1. d4 d5 2. Nf3 Nf6 3. Bf4 c5 4. e3 Nc6 5. c3 Qb6 6. Qc1 Bf5 7. Nbd2 Rc8 8. a3
c4 9. h3 e6 10. Be2 h6 11. O-O Be7 12. Bd1 Bd3 13. Re1 Ne4 14. Bc2 f5 15. Ne5
Nxe5 16. Bxe5 Bxc2 17. Qxc2 O-O 18. f3 Nxd2 19. Qxd2 Bd6 20. Bxd6 Qxd6 21. e4
fxe4 22. fxe4 Rf4 23. exd5 exd5 24. Re5 Rcf8 25. Rae1 Qg6 26. Re8 Qxe8 27. Rxe8
Rf1+ 28. Kh2 Rxe8 29. Qc2 Re4 30. Qa4 Rf2 31. Qd7 Ree2 32. Qxd5+ Kh7 33. Qxb7
Rxb2 34. Qe4+ Kg8 35. Qe8+ Kh7 36. Qe4+ Kg8 37. Qe8+ 1/2-1/2

[Event "Friendly match Novi Sad-Turkey, A group"]
[Site "Novi Sad"]
[Date "2019.06.30"]
[Round "6"]
[White "Danaci, Ege"]
[Black "Remecki, Sinisa"]
[Result "0-1"]
[WhiteElo "1909"]
[BlackElo "2254"]
[PlyCount "96"]
[EventDate "2019.??.??"]

1. e4 e6 2. d4 c5 3. Nf3 cxd4 4. Nxd4 a6 5. c4 Nf6 6. Nc3 Bb4 7. Qd3 Qc7 8. Nc2
Be7 9. Be2 Nc6 10. f4 d6 11. O-O O-O 12. Be3 Rd8 13. Rab1 g6 14. b4 d5 15. cxd5
exd5 16. Nxd5 Nxd5 17. exd5 Bf5 18. Qc4 Bxc2 19. Qxc2 Rxd5 20. Bc4 Nxb4 21. Qb3
Rf5 22. a3 Bc5 23. Bf2 Rxf4 24. Bxf7+ Qxf7 25. Qxf7+ Rxf7 26. Bxc5 Rxf1+ 27.
Kxf1 Nd3 28. Bb6 Rf8+ 29. Kg1 Rc8 30. g3 Kf7 31. a4 Ke6 32. Kg2 Rc2+ 33. Kf3
Rb2 34. Rxb2 Nxb2 35. Bd4 Nxa4 36. Kf4 b5 37. Ke4 b4 38. Bg7 a5 39. Kd3 Kd5 40.
Bf6 Nc5+ 41. Kc2 Kc4 42. g4 a4 43. h4 a3 44. h5 b3+ 45. Kb1 Ne4 46. Bg7 Nc3+
47. Bxc3 Kxc3 48. hxg6 hxg6 0-1